=LDR 00000nam 2200000 4500 =001 INLIS000000000013729 =005 20141003105835.0 =006 =007 =008 Ind =035 ##$$a 0010-061300000013729 =041 ##$$a Ind =082 ##$$a 621.381 =090 ##$$a 621.381, Pen d =100 ##$$a Penpold, R.A =245 ##$$a Dasar-dasar elektronika untuk pemula, R.A. Penpold; Gubahan, A. Santia =260 ##$$a 2002 $b Bandung =300 ##$$a 138 hlm, 17,5 cm =650 ##$$a Elektronika =850 ##$$a NBPNMAT